000
00355pab a2200157 454500
008
180718b1997 xxu||||| |||| 00| 0 eng d
100
_a
Ranadive, Vimal
245
_a
Trade unions and working women
260
_c
1997
300
_a
p.26-28
362
_a
Oct
650
_a
Women
650
_a
Trade unions
773
_a
Social Welfare
909
_a
35686
999
_c
35686
_d
35686